Childhood Language Disorders in Context : Infancy through Adolescence (Record no. 246768)

MARC details
000 -LEADER
fixed length control field 00542nam a2200193Ia 4500
008 - FIXED-LENGTH DATA ELEMENTS--GENERAL INFORMATION
fixed length control field 240913s9999||||xx |||||||||||||| ||und||
020 ## - INTERNATIONAL STANDARD BOOK NUMBER
International Standard Book Number 0-205-19787-6
082 ## - DEWEY DECIMAL CLASSIFICATION NUMBER
-- 618.92855 N8
100 ## - MAIN ENTRY--PERSONAL NAME
Personal name Nickola Wolf Nelson
245 #0 - TITLE STATEMENT
Title Childhood Language Disorders in Context : Infancy through Adolescence
250 ## - EDITION STATEMENT
Edition statement 2nd
260 ## - PUBLICATION, DISTRIBUTION, ETC. (IMPRINT)
Date of publication, distribution, etc 1998
Name of publisher, distributor, etc Allyn and
500 ## - GENERAL NOTE
General note REFERENCE
650 ## - SUBJECT ADDED ENTRY--TOPICAL TERM
Topical term or geographic name as entry element Audiology Speech and Language Pathology
942 ## - ADDED ENTRY ELEMENTS (KOHA)
Item type Reference
Holdings
Withdrawn status Lost status Damaged status Permanent location Current location Shelving location Date acquired Source of acquisition Cost, normal purchase price Full call number Barcode Date last seen Koha item type
      CENTRAL LIBRARY, NOORUL ISLAM CENTRE FOR HIGHER EDUCATION CENTRAL LIBRARY, NOORUL ISLAM CENTRE FOR HIGHER EDUCATION   04/03/2019 The Standard Book Company 14226.96 618.92855 N8 79200 09/13/2024 Reference
Visitors:
Copyright © 2024 Central Library NICHE.  All rights reserved.